[Event "HUN-ch Rapid"]
[Site "Ajka"]
[Date "2021.07.17"]
[Round "8"]
[White "Keresztes, Richard"]
[Black "Varga, Zoltan"]
[Result "0-1"]
[WhiteElo "2264"]
[BlackElo "2435"]
[PlyCount "82"]
[EventDate "2021.07.16"]
[EventType "swiss (rapid)"]
[EventRounds "13"]
[EventCountry "HUN"]
[SourceTitle "CBM 203 Extra"]
[Source "ChessBase"]
[SourceDate "2021.09.30"]
[SourceVersion "1"]
[SourceVersionDate "2021.09.30"]
[SourceQuality "1"]

1. d4 d5 2. c4 dxc4 3. e3 c5 4. Bxc4 cxd4 5. exd4 Qc7 6. Qb3 e6 7. Ne2 a6 8. a4 Nc6 9. Bd3 Bd6 10. Bd2 Nf6 11. h3 e5 12. d5 Na5 13. Qc3 Qxc3 14. Nbxc3 Nb3 15. Rd1 Nxd2 16. Rxd2 0-0 17. 0-0 Bd7 18. Ng3 Bb4 19. Re2 Bxc3 20. bxc3 Nxd5 21. Rxe5 Nxc3 22. a5 Rfd8 23. Rc1 Rac8 24. Kh2 Kf8 25. h4 g6 26. h5 Be6 27. Be4 Nxe4 28. Rxc8 Rxc8 29. Nxe4 Ke7 30. Ng5 Rc4 31. g3 Kd6 32. f4 Rc2+ 33. Kg1 Bd5 34. h6 Rg2+ 35. Kf1 Rxg3 36. Nxh7 Rf3+ 37. Ke2 Rxf4 38. Re8 Rh4 39. Ng5 Rxh6 40. Rd8+ Ke5 41. Rd7 f5 0-1

[Event "HUN-chT2 Toth 1718"]
[Site "Hungary"]
[Date "2017.12.17"]
[Round "6.1"]
[White "Ardelean, George Catalin"]
[Black "Keresztes, Richard"]
[Result "1/2-1/2"]
[WhiteElo "2484"]
[BlackElo "2227"]
[PlyCount "41"]
[EventDate "2017.09.24"]
[EventType "team-tourn"]
[EventRounds "11"]
[EventCountry "HUN"]
[SourceTitle "EXT 2021"]
[Source "ChessBase"]
[SourceDate "2020.10.23"]
[SourceVersion "1"]
[SourceVersionDate "2020.10.23"]
[SourceQuality "1"]
[WhiteTeam "Karcag"]
[BlackTeam "Kecskemet Takisz"]
[WhiteTeamCountry "HUN"]
[BlackTeamCountry "HUN"]

1. d4 Nf6 2. Bf4 e6 3. e3 Bd6 4. Bg3 Qe7 5. Nd2 Bxg3 6. hxg3 d6 7. c3 e5 8. Qc2 a6 9. Bd3 h6 10. Ngf3 Nc6 11. dxe5 Nxe5 12. Nxe5 dxe5 13. Ne4 c6 14. Nxf6+ Qxf6 15. Qa4 Bf5 16. Bxf5 Qxf5 17. g4 Qg6 18. 0-0-0 0-0 19. Rd7 b5 20. Qd1 Qf6 21. Rd2 1/2-1/2

[Event "HUN-chT2 Toth 1617"]
[Site "Hungary"]
[Date "2017.01.29"]
[Round "7.1"]
[White "Keresztes, Richard"]
[Black "Udvardi, Zalan"]
[Result "1/2-1/2"]
[WhiteElo "2193"]
[BlackElo "2036"]
[PlyCount "95"]
[EventDate "2016.09.25"]
[EventType "team-tourn"]
[EventRounds "11"]
[EventCountry "HUN"]
[SourceTitle "EXT 2021"]
[Source "ChessBase"]
[SourceDate "2020.10.23"]
[SourceVersion "1"]
[SourceVersionDate "2020.10.23"]
[SourceQuality "1"]
[WhiteTeam "Kecskemet Takisz"]
[BlackTeam "Szentes Integral"]
[WhiteTeamCountry "HUN"]
[BlackTeamCountry "HUN"]

1. Nf3 d5 2. c4 e6 3. b3 Nf6 4. g3 c5 5. Bg2 Nc6 6. cxd5 exd5 7. 0-0 Bd6 8. d4 b6 9. Nc3 Be6 10. Nb5 Be7 11. Ne5 Nxd4 12. Nxd4 cxd4 13. Nc6 Qd7 14. Nxe7 Qxe7 15. Qxd4 Qc5 16. Be3 Qxd4 17. Bxd4 Ke7 18. Rfd1 Rhd8 19. e3 Rac8 20. Rac1 Rxc1 21. Rxc1 Ne8 22. a4 Rb8 23. Kf1 Kd7 24. h3 Rc8 25. Rxc8 Kxc8 26. g4 g6 27. Ke2 Nd6 28. f3 Nb7 29. Kd2 Kd7 30. Kc3 Kc6 31. Bf1 Nd6 32. Be5 f5 33. g5 Bc8 34. Bxd6 Kxd6 35. f4 Bd7 36. Kd4 Be8 37. Ba6 Bc6 38. h4 Bd7 39. Bb7 Be6 40. Ba6 Bd7 41. Be2 Be8 42. Bd1 a5 43. Be2 Bd7 44. h5 Be8 45. h6 Bd7 46. Bd3 Be6 47. Bb5 Bf7 48. Be2 1/2-1/2

[Event "Kecskemet Caissa IM 07"]
[Site "Kecskemet"]
[Date "2016.08.02"]
[Round "5"]
[White "Keresztes, Richard"]
[Black "Zhou, Qiyu"]
[Result "1/2-1/2"]
[WhiteElo "2197"]
[BlackElo "2307"]
[PlyCount "35"]
[EventDate "2016.07.30"]
[EventType "tourn"]
[EventRounds "10"]
[EventCountry "HUN"]
[EventCategory "1"]
[SourceTitle "CBM 173 Extra"]
[Source "ChessBase"]
[SourceDate "2016.08.29"]
[SourceVersion "1"]
[SourceVersionDate "2016.08.29"]
[SourceQuality "1"]

1. d4 Nf6 2. c4 e6 3. Nc3 Bb4 4. e3 0-0 5. Bd3 d5 6. cxd5 exd5 7. Nge2 Re8 8. 0-0 Nbd7 9. Qb3 Bxc3 10. Qxc3 b6 11. Bd2 Bb7 12. b4 c6 13. Rfd1 Ne4 14. Qc2 Ndf6 15. Be1 Qe7 16. Ng3 Rac8 17. Nxe4 Nxe4 18. a4 1/2-1/2

[Event "Kecskemet Caissa IM 07"]
[Site "Kecskemet"]
[Date "2016.07.31"]
[Round "3"]
[White "Keresztes, Richard"]
[Black "Marholev, Dimitar"]
[Result "1/2-1/2"]
[WhiteElo "2197"]
[BlackElo "2236"]
[PlyCount "46"]
[EventDate "2016.07.30"]
[EventType "tourn"]
[EventRounds "10"]
[EventCountry "HUN"]
[EventCategory "1"]
[SourceTitle "CBM 173 Extra"]
[Source "ChessBase"]
[SourceDate "2016.08.29"]
[SourceVersion "1"]
[SourceVersionDate "2016.08.29"]
[SourceQuality "1"]

1. d4 d5 2. Nf3 Nf6 3. e3 e6 4. Bd3 c5 5. b3 Nc6 6. 0-0 Be7 7. Nbd2 cxd4 8. exd4 Nb4 9. Bb5+ Bd7 10. Bxd7+ Qxd7 11. a3 Nc6 12. Bb2 0-0 13. Qe2 Qc7 14. Rac1 a5 15. c4 a4 16. b4 dxc4 17. Nxc4 Qd8 18. Nce5 Nxe5 19. dxe5 Nd5 20. Qe4 Qd7 21. g3 Rfc8 22. Rfd1 Rxc1 23. Rxc1 Rc8 1/2-1/2

[Event "Kecskemet Caissa IM 07"]
[Site "Kecskemet"]
[Date "2016.07.30"]
[Round "1"]
[White "Keresztes, Richard"]
[Black "Erdelyi, Tamas"]
[Result "1-0"]
[WhiteElo "2197"]
[BlackElo "2101"]
[PlyCount "91"]
[EventDate "2016.07.30"]
[EventType "tourn"]
[EventRounds "10"]
[EventCountry "HUN"]
[EventCategory "1"]
[SourceTitle "CBM 173 Extra"]
[Source "ChessBase"]
[SourceDate "2016.08.29"]
[SourceVersion "1"]
[SourceVersionDate "2016.08.29"]
[SourceQuality "1"]

1. c4 Nf6 2. Nc3 c5 3. e4 d6 4. d3 g6 5. Be2 Bg7 6. Be3 0-0 7. Nf3 Nc6 8. h3 Rb8 9. 0-0 a6 10. d4 cxd4 11. Nxd4 Bd7 12. f4 b5 13. cxb5 Nxd4 14. Bxd4 axb5 15. e5 dxe5 16. fxe5 Ne8 17. b4 Bc6 18. a4 bxa4 19. b5 Bd7 20. Qxa4 Nc7 21. Rad1 Na8 22. e6 Bxd4+ 23. Rxd4 fxe6 24. Rxf8+ Kxf8 25. Rxd7 Qxd7 26. Qf4+ Kg7 27. Qxb8 Qd4+ 28. Kf1 Qxc3 29. Qxa8 Qc1+ 30. Kf2 Qc5+ 31. Kg3 Qe5+ 32. Kf3 Qh5+ 33. g4 Qxh3+ 34. Kf2 Qh2+ 35. Qg2 Qf4+ 36. Qf3 Qh2+ 37. Ke3 Qe5+ 38. Qe4 Qc3+ 39. Bd3 Qe1+ 40. Kf3 Qh1+ 41. Kg3 Qg1+ 42. Kh3 Qb6 43. g5 Qf2 44. Bc4 h5 45. gxh6+ Kh7 46. Bd3 1-0

[Event "HUN-chT2 Toth 1516"]
[Site "Hungary"]
[Date "2016.04.17"]
[Round "11.1"]
[White "Kiss, Balazs Janos"]
[Black "Keresztes, Richard"]
[Result "1/2-1/2"]
[WhiteElo "1964"]
[BlackElo "2227"]
[PlyCount "80"]
[EventDate "2015.09.13"]
[EventType "team-tourn"]
[EventRounds "11"]
[EventCountry "HUN"]
[SourceTitle "EXT 2017"]
[Source "ChessBase"]
[SourceDate "2016.10.25"]
[SourceVersion "1"]
[SourceVersionDate "2016.10.25"]
[SourceQuality "1"]
[WhiteTeam "Roszke"]
[BlackTeam "Takisz"]
[WhiteTeamCountry "HUN"]
[BlackTeamCountry "HUN"]

1. d4 Nf6 2. Bf4 e6 3. e3 c5 4. c3 d5 5. Nd2 Qb6 6. Qb3 c4 7. Qc2 Nc6 8. Ngf3 Nh5 9. Bg3 f5 10. Be2 Be7 11. Bh4 Bxh4 12. Nxh4 Nf6 13. f4 Qd8 14. Nhf3 Bd7 15. Ne5 Nxe5 16. dxe5 Ne4 17. Nxe4 fxe4 18. h4 b5 19. g4 a5 20. Kd2 Qb6 21. g5 Rf8 22. Rhb1 Rc8 23. a3 Qc6 24. Rf1 Qc5 25. Rfc1 Bc6 26. Bg4 Ke7 27. Rf1 Rcd8 28. h5 Qb6 29. Ke2 b4 30. axb4 axb4 31. cxb4 c3 32. Qxc3 Bb5+ 33. Ke1 Rc8 34. Qd4 Qxd4 35. exd4 Bxf1 36. Ra7+ Ke8 37. Bxe6 Rc1+ 38. Kd2 Rc4 39. f5 Rxd4+ 40. Ke1 Bh3 1/2-1/2

[Event "HUN-chT2 Toth 1516"]
[Site "Hungary"]
[Date "2016.02.28"]
[Round "8.1"]
[White "Keresztes, Richard"]
[Black "Simonyi, Zoltan"]
[Result "0-1"]
[WhiteElo "2227"]
[BlackElo "2205"]
[PlyCount "102"]
[EventDate "2015.09.13"]
[EventType "team-tourn"]
[EventRounds "11"]
[EventCountry "HUN"]
[SourceTitle "EXT 2017"]
[Source "ChessBase"]
[SourceDate "2016.10.25"]
[SourceVersion "1"]
[SourceVersionDate "2016.10.25"]
[SourceQuality "1"]
[WhiteTeam "Takisz"]
[BlackTeam "Ujszasz"]
[WhiteTeamCountry "HUN"]
[BlackTeamCountry "HUN"]

1. Nf3 Nf6 2. g3 c5 3. d3 d5 4. Bg2 Nc6 5. Nbd2 e5 6. c4 d4 7. 0-0 Be7 8. a3 0-0 9. b4 cxb4 10. Qb3 Qc7 11. axb4 Bxb4 12. Ba3 a5 13. Bxb4 Nxb4 14. Rfc1 Ra6 15. Qa3 Be6 16. Ne1 Rb8 17. Nb3 Nd7 18. Rab1 Bg4 19. Kf1 b6 20. Na1 Nc5 21. Nec2 Nxc2 22. Rxc2 a4 23. Rcb2 Ra5 24. Nc2 Nb3 25. Nb4 Qc5 26. Ke1 Bd7 27. Nc2 Re8 28. Bd5 Be6 29. Qxc5 Rxc5 30. Bxe6 Rxe6 31. Ra2 Ra5 32. e3 Kf8 33. Ke2 Ke7 34. Nb4 Kd6 35. Nd5 Kc5 36. e4 g5 37. f4 gxf4 38. gxf4 exf4 39. Kf3 Rh6 40. Nxf4 b5 41. Rxb3 axb3 42. Rxa5 Rb6 43. Ra1 b2 44. Rb1 bxc4 45. dxc4 Kxc4 46. Ke2 Rh6 47. h3 Kc3 48. Kd1 d3 49. e5 Rh4 50. Nxd3 Rxh3 51. Nf2 Re3 0-1

[Event "HUN-chT2 Toth 1516"]
[Site "Hungary"]
[Date "2016.02.14"]
[Round "7.1"]
[White "Samu, Gabor Jr"]
[Black "Keresztes, Richard"]
[Result "1/2-1/2"]
[WhiteElo "2231"]
[BlackElo "2227"]
[PlyCount "71"]
[EventDate "2015.09.13"]
[EventType "team-tourn"]
[EventRounds "11"]
[EventCountry "HUN"]
[SourceTitle "EXT 2017"]
[Source "ChessBase"]
[SourceDate "2016.10.25"]
[SourceVersion "1"]
[SourceVersionDate "2016.10.25"]
[SourceQuality "1"]
[WhiteTeam "Bekes"]
[BlackTeam "Takisz"]
[WhiteTeamCountry "HUN"]
[BlackTeamCountry "HUN"]

1. d4 Nf6 2. Nf3 g6 3. g3 b6 4. Bg2 Bb7 5. 0-0 Bg7 6. c4 0-0 7. d5 a6 8. Nc3 b5 9. Qb3 c5 10. cxb5 d6 11. Nd2 Nbd7 12. a4 axb5 13. Nxb5 Ba6 14. Nc4 Bxb5 15. Qxb5 Rb8 16. Qa5 Qc8 17. Bd2 Qb7 18. Bc3 Qb3 19. Nd2 Qb7 20. Nc4 Qb3 21. Qa6 Ra8 22. Qb5 Rfb8 23. Qxb3 Rxb3 24. Rfc1 Ne8 25. a5 Bxc3 26. bxc3 Nc7 27. Rcb1 Rab8 28. Rxb3 Rxb3 29. a6 Rxc3 30. Ne3 Nb6 31. a7 Nca8 32. Be4 Rb3 33. Bc2 Rb4 34. Ra5 Kf8 35. Bd3 c4 36. Nxc4 1/2-1/2

[Event "Kecskemet Caissa IM New Year"]
[Site "Kecskemet"]
[Date "2016.01.18"]
[Round "13"]
[White "Erdelyi, Tamas"]
[Black "Keresztes, Richard"]
[Result "1/2-1/2"]
[WhiteElo "2082"]
[BlackElo "2221"]
[PlyCount "31"]
[EventDate "2016.01.10"]
[EventType "tourn"]
[EventRounds "14"]
[EventCountry "HUN"]
[EventCategory "1"]
[SourceTitle "CBM 170 Extra"]
[Source "ChessBase"]
[SourceDate "2016.02.25"]
[SourceVersion "1"]
[SourceVersionDate "2016.02.25"]
[SourceQuality "1"]

1. c4 e6 2. Nf3 d5 3. g3 Nf6 4. Bg2 c6 5. cxd5 exd5 6. d3 Be7 7. 0-0 0-0 8. Nc3 Bf5 9. a3 a5 10. Bf4 Nbd7 11. Rb1 h6 12. b4 axb4 13. axb4 Nh5 14. Bd2 Nhf6 15. Bf4 Nh5 16. Bd2 1/2-1/2

[Event "Kecskemet Caissa IM New Year"]
[Site "Kecskemet"]
[Date "2016.01.16"]
[Round "10"]
[White "Nadj Hedjesi, Balind"]
[Black "Keresztes, Richard"]
[Result "1-0"]
[WhiteElo "2382"]
[BlackElo "2221"]
[PlyCount "55"]
[EventDate "2016.01.10"]
[EventType "tourn"]
[EventRounds "14"]
[EventCountry "HUN"]
[EventCategory "1"]
[SourceTitle "CBM 170 Extra"]
[Source "ChessBase"]
[SourceDate "2016.02.25"]
[SourceVersion "1"]
[SourceVersionDate "2016.02.25"]
[SourceQuality "1"]

1. e4 c5 2. Nc3 Nc6 3. Bb5 Nd4 4. Bc4 e6 5. Nf3 a6 6. Nxd4 cxd4 7. Ne2 b5 8. Bb3 Bb7 9. d3 Bc5 10. 0-0 Nf6 11. c3 dxc3 12. bxc3 Ng4 13. d4 Bd6 14. e5 Qh4 15. h3 Nxe5 16. dxe5 Bxe5 17. f4 Bc7 18. Ba3 0-0-0 19. Bd6 Bb6+ 20. Kh2 g5 21. c4 Rdg8 22. g3 gxf4 23. Rxf4 Qh5 24. c5 Bd8 25. Nd4 Qg6 26. Qe1 h5 27. c6 dxc6 28. Rxf7 1-0

[Event "Kecskemet Caissa IM New Year"]
[Site "Kecskemet"]
[Date "2016.01.11"]
[Round "2"]
[White "To, Nhat Minh"]
[Black "Keresztes, Richard"]
[Result "1-0"]
[WhiteElo "2317"]
[BlackElo "2221"]
[PlyCount "91"]
[EventDate "2016.01.10"]
[EventType "tourn"]
[EventRounds "14"]
[EventCountry "HUN"]
[EventCategory "1"]
[SourceTitle "CBM 170 Extra"]
[Source "ChessBase"]
[SourceDate "2016.02.25"]
[SourceVersion "1"]
[SourceVersionDate "2016.02.25"]
[SourceQuality "1"]

1. c4 Nf6 2. g3 e5 3. Bg2 Nc6 4. Nc3 g6 5. e4 Bg7 6. Nge2 d6 7. d3 Be6 8. 0-0 Qd7 9. Nd5 h5 10. h4 Rc8 11. f3 Bh3 12. Be3 Bxg2 13. Kxg2 Nxd5 14. cxd5 Nd4 15. f4 c6 16. dxc6 bxc6 17. f5 Nxe2 18. Qxe2 Bh6 19. fxg6 fxg6 20. Bxh6 Rxh6 21. Rf6 Kd8 22. Raf1 Rh7 23. Qe3 c5 24. b4 Rc6 25. bxc5 Rxc5 26. R1f2 Kc7 27. d4 exd4 28. Qxd4 Re7 29. Rxg6 Qc6 30. Rg7 Rxg7 31. Qxg7+ Kb6 32. Qd4 Ka5 33. Qd2+ Ka4 34. Qd1+ Ka5 35. Kh2 Rb5 36. Qd3 a6 37. Rd2 Qc5 38. Rc2 Qb4 39. Rc3 Qb2+ 40. Kh3 Ka4 41. Rc4+ Ka5 42. Qxd6 Qe2 43. Qc7+ Rb6 44. Qe5+ Rb5 45. Qc3+ Kb6 46. Qd4+ 1-0

[Event "Kecskemet Caissa IM New Year"]
[Site "Kecskemet"]
[Date "2016.01.10"]
[Round "1"]
[White "Keresztes, Richard"]
[Black "Ding, Tze How Dilwen"]
[Result "1/2-1/2"]
[WhiteElo "2221"]
[BlackElo "2274"]
[PlyCount "41"]
[EventDate "2016.01.10"]
[EventType "tourn"]
[EventRounds "14"]
[EventCountry "HUN"]
[EventCategory "1"]
[SourceTitle "CBM 170 Extra"]
[Source "ChessBase"]
[SourceDate "2016.02.25"]
[SourceVersion "1"]
[SourceVersionDate "2016.02.25"]
[SourceQuality "1"]

1. d4 d5 2. c4 dxc4 3. e3 e5 4. Bxc4 exd4 5. exd4 Bd6 6. Nf3 Nf6 7. Bg5 0-0 8. 0-0 Bg4 9. Nbd2 Nc6 10. h3 Bh5 11. Nb3 Be7 12. g4 Nxg4 13. Bxe7 Qxe7 14. hxg4 Bxg4 15. Qd3 Rad8 16. Nh2 Bh5 17. Rae1 Qf6 18. Qh3 Qg6+ 19. Qg3 Qh6 20. Qe3 Qg6+ 21. Qg3 1/2-1/2

[Event "Kecskemet Caissa IM 12"]
[Site "Kecskemet"]
[Date "2015.12.16"]
[Round "2"]
[White "Keresztes, Richard"]
[Black "Nomin Erdene, Davaademberel"]
[Result "0-1"]
[WhiteElo "2227"]
[BlackElo "2430"]
[PlyCount "58"]
[EventDate "2015.12.15"]
[EventType "tourn"]
[EventRounds "10"]
[EventCountry "HUN"]
[EventCategory "3"]
[SourceTitle "CBM 170 Extra"]
[Source "ChessBase"]
[SourceDate "2016.02.25"]
[SourceVersion "1"]
[SourceVersionDate "2016.02.25"]
[SourceQuality "1"]

1. d4 d5 2. c4 c6 3. Nc3 Nf6 4. f3 dxc4 5. e4 b5 6. a4 b4 7. Na2 b3 8. Nc3 Ba6 9. Nh3 e6 10. Be2 Bb4 11. 0-0 c5 12. d5 Qb6 13. dxe6 Bxc3 14. exf7+ Kxf7 15. bxc3 b2 16. Bxb2 Qxb2 17. e5 Qxc3 18. exf6 Qd4+ 19. Nf2 Nc6 20. fxg7 Kxg7 21. Kh1 Qxd1 22. Rfxd1 Nd4 23. Bf1 Rhd8 24. Rac1 Nb3 25. Rxd8 Rxd8 26. Rc3 Nd2 27. Kg1 Re8 28. Rc2 Nxf1 29. Kxf1 c3+ 0-1

[Event "Kecskemet Caissa IM 12"]
[Site "Kecskemet"]
[Date "2015.12.15"]
[Round "1"]
[White "Radlovacki, Jovan"]
[Black "Keresztes, Richard"]
[Result "1-0"]
[WhiteElo "2372"]
[BlackElo "2227"]
[PlyCount "41"]
[EventDate "2015.12.15"]
[EventType "tourn"]
[EventRounds "10"]
[EventCountry "HUN"]
[EventCategory "3"]
[SourceTitle "CBM 170 Extra"]
[Source "ChessBase"]
[SourceDate "2016.02.25"]
[SourceVersion "1"]
[SourceVersionDate "2016.02.25"]
[SourceQuality "1"]

1. e4 Nc6 2. d4 e5 3. dxe5 Nxe5 4. Nf3 Qf6 5. Nc3 Bb4 6. Bd2 Ne7 7. Nxe5 Qxe5 8. f4 Qd4 9. Qf3 d5 10. exd5 0-0 11. 0-0-0 Bf5 12. Be1 Qb6 13. g4 Bd7 14. h3 Bd6 15. Ne4 Bxg4 16. Nf6+ gxf6 17. Qxg4+ Kh8 18. Bc3 Bc5 19. d6 Ng8 20. Bd3 Be3+ 21. Kb1 1-0

[Event "Kecskemet Caissa IM 05"]
[Site "Kecskemet"]
[Date "2015.05.25"]
[Round "5"]
[White "Keresztes, Richard"]
[Black "Nagy, Gabor"]
[Result "1/2-1/2"]
[WhiteElo "2214"]
[BlackElo "2396"]
[PlyCount "129"]
[EventDate "2015.05.22"]
[EventType "tourn"]
[EventRounds "10"]
[EventCountry "HUN"]
[SourceTitle "EXT 2017"]
[Source "ChessBase"]
[SourceDate "2016.10.25"]
[SourceVersion "1"]
[SourceVersionDate "2016.10.25"]
[SourceQuality "1"]

1. d4 Nf6 2. c4 e6 3. Nf3 b6 4. e3 Bb7 5. Bd3 d5 6. cxd5 exd5 7. b3 Bb4+ 8. Bd2 Bd6 9. Nc3 a6 10. 0-0 0-0 11. Ne5 c5 12. f4 Nc6 13. Ne2 Ne4 14. Bxe4 dxe4 15. Bc3 Ne7 16. Ng3 Nd5 17. Qd2 f5 18. Rfd1 Bxe5 19. dxe5 Qe7 20. Rac1 Rad8 21. Qe1 a5 22. a3 Qe6 23. h3 Rd7 24. b4 cxb4 25. axb4 a4 26. b5 Rc8 27. Bb4 Rxc1 28. Rxc1 g5 29. fxg5 Qxe5 30. Nh5 f4 31. exf4 Qd4+ 32. Kh2 e3 33. Rd1 Qb2 34. Rb1 Qf2 35. Qxf2 exf2 36. Kg3 Kf7 37. Kxf2 Rc7 38. g4 Rc2+ 39. Kg3 a3 40. Bd6 Nc3 41. Ra1 Ne4+ 42. Kh4 a2 43. Be5 Nd2 44. Nf6 Nf3+ 45. Kg3 Nxe5 46. fxe5 Rb2 47. h4 Bc8 48. h5 Be6 49. Nxh7 Rb1 50. g6+ Kg7 51. Rxa2 Bxa2 52. Kf4 Rxb5 53. Nf6 Be6 54. g5 Rb4+ 55. Kf3 Rb3+ 56. Kf4 b5 57. Ne8+ Kf8 58. Nf6 Rb4+ 59. Kf3 Bf5 60. e6 Bxe6 61. h6 Rh4 62. g7+ Ke7 63. h7 Rxh7 64. Nxh7 Kf7 65. Ke3 1/2-1/2

[Event "HUN-chT2 Toth 1415"]
[Site "Hungary"]
[Date "2015.04.26"]
[Round "11.2"]
[White "Levay, Sorin"]
[Black "Keresztes, Richard"]
[Result "1-0"]
[WhiteElo "2327"]
[BlackElo "2214"]
[PlyCount "105"]
[EventDate "2014.09.07"]
[EventType "team-tourn"]
[EventRounds "11"]
[EventCountry "HUN"]
[SourceTitle "EXT 2016"]
[Source "ChessBase"]
[SourceDate "2015.10.08"]
[SourceVersion "1"]
[SourceVersionDate "2015.10.08"]
[SourceQuality "1"]
[WhiteTeam "Karcag"]
[BlackTeam "Takisz"]
[WhiteTeamCountry "HUN"]
[BlackTeamCountry "HUN"]

1. e4 c5 2. Nf3 d6 3. Bb5+ Bd7 4. Bxd7+ Qxd7 5. 0-0 Nc6 6. Re1 Nf6 7. b3 e6 8. c4 e5 9. Nc3 Be7 10. d3 h6 11. Bd2 0-0 12. h3 Rae8 13. Nh2 Nh7 14. Nd5 f5 15. a3 Nd4 16. Bc3 Bh4 17. Bxd4 cxd4 18. Ra2 Qf7 19. Nf3 Bd8 20. exf5 Qxf5 21. Qe2 h5 22. Nd2 Re6 23. Ne4 Rh6 24. Rf1 g5 25. f3 Qd7 26. Nf2 Rg6 27. a4 Rg7 28. b4 Rff7 29. a5 Nf8 30. Qd1 Ng6 31. a6 b6 32. Ne4 Nf4 33. Nxf4 gxf4 34. Kh1 d5 35. cxd5 Qxd5 36. Rff2 Rc7 37. Qb1 Kf8 38. b5 Rgd7 39. Rfc2 Bh4 40. Rab2 Kf7 41. Qc1 Bd8 42. Rb4 Rxc2 43. Qxc2 Be7 44. Rb1 Bd8 45. Qc8 Ke7 46. Kh2 h4 47. Rb2 Qe6 48. Rc2 Rd5 49. Qc4 Qd7 50. Qb4+ Kf7 51. Rc6 Be7 52. Qc4 Kf8 53. Rc8+ 1-0